| 000 | 00564nam a22001937a 4500 | ||
|---|---|---|---|
| 003 | OSt | ||
| 005 | 20230503054326.0 | ||
| 008 | 230502b |||||||| |||| 00| 0 eng d | ||
| 020 | _a9718558454 | ||
| 040 | _cDDC | ||
| 082 |
_a301 _bP195s 2004 |
||
| 100 | _aPanopio, Isabel and Raymundo, Adelisa.-- | ||
| 245 |
_aSociology: _bfocus on the Philippines/ _cIsabel Panopio and Adelisa Raymundo.-- |
||
| 250 | _afourth edition.-- | ||
| 300 |
_aii, 477 pages: _billustration; _c23 cm. |
||
| 521 | _aPsychology. | ||
| 650 | _aPhilippines social conditions | ||
| 942 |
_2ddc _cBK _n0 |
||
| 999 |
_c7 _d7 |
||